000 00454nam a2200181Ia 4500
001 8314
005 20260306160600.0
008 260306t2005||||xx |||||||||||||| ||spa||
041 _aESP
082 _a370.154
_bB41
100 _aBellido Bautista, Juan Gabriel
_eAUT
245 0 _aMotivar en el aula:
_bel arte de hacer que hagan
260 _c2005
300 _a173 páginas :
_c21 cm.
650 _aGEN
654 _aCED
942 _cLIB
_dJUS
_fJUS
_2ddc
_n
999 _c8314
_d8314